Vnitropodnikový chozraščot v praxi

Guardado en:
Detalles Bibliográficos
Formato: Libro
Lenguaje:checo
Publicado: Praha Práce 1985
Etiquetas: Agregar Etiqueta
Sin Etiquetas, Sea el primero en etiquetar este registro!

MARC

LEADER 00000nam a2200000 4500
001 c105389
005 20050302095209.7
041 0 |a cze 
044 |a CZ 
245 1 0 |a Vnitropodnikový chozraščot v praxi 
264 1 |a Praha  |b Práce  |c 1985 
300 |a 199 s.  |e 4 tab. príl.